000 00596nam a2200217Ia 4500
003 GCL
008 140319s9999 xx 000 0 ara d
040 _aGCL /
_cGCL
082 0 4 _a658.3
_bم ا
100 1 _aمنصور فهمى
245 1 0 _aادارة الافراد /
_cمنصور فهمى
260 _a[S.N] :
_bلا يوجد ،
_c1989
300 _a431 ص
490 _a
650 0 4 _aادارة الاعمال
650 0 4 _aالادارة
650 0 4 _aادارة الافراد
650 0 4 _aتقييم الاداء
650 0 4 _aاتخاذ القرارات
942 _2ddc
_cBK
999 _c36834
_d36834